Statistiques concernant Eléments chimiques par symboles d'éléments chimiques

Cliquez ici pour prendre le quiz!

Statistiques générales

  • Ce quiz a été pris 171 fois
  • Le résultat moyen est 13 sur 16

Statistiques - réponses

IndicesRéponses% Correct
Bore-Oxygène-RhéniumBore
99%
Soufre-Oxygène-Uranium-Fluor-RhéniumSoufre
94%
Phosphore-Hydrogène-Oxygène-Soufre-Phosphore-Hydrogène-Oxygène-RhéniumPhosphore
93%
Fluor-ErbiumFer
91%
Néon-Oxygène-AzoteNéon
91%
Titane-Tantale-NéonTitane
91%
Carbone-Uranium-Iode-Vanadium-RhéniumCuivre
87%
Xénon-Nobélium-AzoteXénon
87%
Calcium-Rubidium-Oxygène-NéonCarbone
86%
Argon-Sélénium-Nickel-CarboneArsenic
85%
Krypton-Yttrium-Platine-Oxygène-AzoteKrypton
85%
Phosphore-Lanthane-Titane-NéonPlatine
80%
Bore-Iode-Samarium-Uranium-ThoriumBismuth
72%
Arsenic-Tantale-TellureAstate
61%
Tellure-Azote-Néon-Soufre-SéléniumTennesse
61%
Oxygène-Gallium-Azote-Einsteinium-Soufre-Oxygène-AzoteOganesson
59%

Distribution des résultats

Percentile par nombre de réponses

% des personnes avec chaque résultat

Votre développement - résultats

Vous n’avez pas pris ce quiz